01164nam a2200289Ia 450000500170000000800410001702000190005810000230007724501030010025000390020330000420024249000110028450501120029565000410040765000420044865000370049070000430052774001070057094200150067726400330069233600270072533700330075233800280078504000350081308400110084899900150085920220317001133.0160825s2007 ck a g 000 0 spa  a978958301140121 aSamper, Verónica13aEl gato tuerto y otras historiascVerónica Samper ; ilustrado por Ángela Carolina Barón Rozo a1a. edición b2a. reimpresión  a84 páginas bilustraciones c21 cm  aCorcel aEntre gatos -- Tres gatitos en el armario -- Melivea -- Un gran premio -- Las piedras de Elvira -- El final142LEMBaCuentos Infantiles colombianos142LEMBaLiteratura infantil colombiana 142LEMBaAnimales en la literatura 1 aBarón Rozo, Ángela Carolina91257602aEntre gatos aTres gatitos en el armario aMelivea aUn gran premio aLas piedras de Elvira aEl final 2loccBKINF aBogotábPanamericanac2007 atextobtxt2rdacontent asin mediaciónbn2rdamedia avolumenbnc2rdacarrier aCO-BoRNBPbspaerdacCO-BoRNBP aC SAM3 c6036d6036